000 00576nam a2200229Ia 4500
003 OSt
005 20220924144549.0
006 a|||||r|||| 00| 0
007 ta
008 220923b |||||||| |||| 00| 0 urd d
024 _a315756
037 _cTextual
040 _aARTS
_cARTS
_burd
041 _2urd
_aurd
082 _aO168,1NHA8x, N2
100 _aHusnain Bukhari
_9217904
245 0 _aKahkashani Pazeben
260 _c1992
650 _aURDU POETRY
942 _hO168,1NHA8x, N2
_cTEXL
_2CC
999 _c457471
_d457471